000 00505nam a2200157Ia 4500
008 210716s2013 xx 000 0 und d
020 _a9781259097386
041 _aeng
082 _a519.5 JAGS
100 _aJaggia, Sanjiv;Kelly, Alison.
245 _aBusiness statistics: communicating with numbers.
_bCommunicating with numbers.
250 _a1
260 _aNew Delhi
_bTata McGraw Hill Education Private Limited
_c2013
300 _axxxi,714
650 _aBusiness Statistics & Quantitative Methods
999 _c208262
_d208262